Manifest menopauzy : vstupte do nové životní fáze s hrdostí, seznamte se s fakty o svém těle a získejte kontrolu nad zdravím /
Text objasní, že menopauza není nemoc, ale plánovaná změna, kterou nemusíte tiše přetrpět jen kvůli předsudkům, studu a misogynním postojům společnosti.
Uloženo v:
| Hlavní autor: | |
|---|---|
| Další autoři: | |
| Médium: | E-kniha |
| Jazyk: | Czech |
| Vydáno: |
V Brně :
Jan Melvil Publishing,
2022
|
| Vydání: | Vydání první |
| Témata: | |
| On-line přístup: | Plný text - pro registrované uživatele NK ČR |
| Tagy: |
Žádné tagy |
| LEADER | 03045nam a2200589 i 4500 | ||
|---|---|---|---|
| 001 | 311728 | ||
| 003 | CZ PrSKC | ||
| 005 | 20260601215710.0 | ||
| 007 | ta | ||
| 008 | 221111s2022 xr a e f 001 0 cze | ||
| 015 | |a cnb003471639 | ||
| 020 | |a 9788075551719 |q (vázáno) | ||
| 035 | |a (OCoLC)1357138712 | ||
| 040 | |a BOA001 |b cze |e rda | ||
| 041 | 1 | |a cze |h eng | |
| 072 | 7 | |a 618 |x Gynekologie. Porodnictví |2 Konspekt | |
| 080 | |a 618.173 |2 MRF | ||
| 080 | |a 616.1/.9 |2 MRF | ||
| 080 | |a 616-08:615.357 |2 MRF | ||
| 080 | |a 615.8 |2 MRF | ||
| 080 | |a (0.062) |2 MRF | ||
| 100 | 1 | |a Gunter, Jen, |d 1966- |7 mzk20221140980 |4 aut | |
| 240 | 1 | 0 | |a Menopause manifesto. |l Česky |
| 245 | 1 | 0 | |a Manifest menopauzy : |b vstupte do nové životní fáze s hrdostí, seznamte se s fakty o svém těle a získejte kontrolu nad zdravím / |c Jen Gunterová ; překlad Helena Mirovská |
| 250 | |a Vydání první | ||
| 264 | 1 | |a V Brně : |b Jan Melvil Publishing, |c 2022 | |
| 300 | |a 408 stran : |b ilustrace ; |c 24 cm | ||
| 336 | |a text |b txt |2 rdacontent | ||
| 337 | |a bez média |b n |2 rdamedia | ||
| 338 | |a svazek |b nc |2 rdacarrier | ||
| 500 | |a Přeloženo z angličtiny | ||
| 504 | |a Obsahuje bibliografické odkazy a rejstřík | ||
| 520 | 2 | |a Text objasní, že menopauza není nemoc, ale plánovaná změna, kterou nemusíte tiše přetrpět jen kvůli předsudkům, studu a misogynním postojům společnosti. |b Mnohem lepší strategií je vybavit se informacemi: když totiž pochopíte, co se děje, proč se to děje, a co si s tím počít, zbavíte se obav i pochyb, a naopak získáte sebedůvěru při rozhodování o svém zdraví. Kromě srozumitelného vysvětlení najdete v knize i praktické tipy, jak se s menopauzou a postmenopauzou vypořádává autorka samotná. Nakladateslká anotace. Kráceno. | |
| 650 | 0 | 7 | |a menopauza |7 ph135525 |2 czenas |
| 650 | 0 | 7 | |a klimakterium |7 ph121618 |2 czenas |
| 650 | 0 | 7 | |a zdravotní problémy |7 ph135127 |2 czenas |
| 650 | 0 | 7 | |a hormonální terapie |7 ph134808 |2 czenas |
| 650 | 0 | 7 | |a alternativní terapie |7 ph137043 |2 czenas |
| 650 | 0 | 9 | |a menopause |2 eczenas |
| 650 | 0 | 9 | |a climacteric |2 eczenas |
| 650 | 0 | 9 | |a health problems |2 eczenas |
| 650 | 0 | 9 | |a hormone therapy |2 eczenas |
| 650 | 0 | 9 | |a alternative therapy |2 eczenas |
| 655 | 7 | |a populárně-naučné publikace |7 fd131864 |2 czenas | |
| 655 | 9 | |a popular works |2 eczenas | |
| 700 | 1 | |a Mirovská, Helena, |d 1979- |7 xx0165974 |4 trl | |
| 856 | 4 | 1 | |u https://www.bookport.cz/AccountSaml/SignIn/?idp=https%3A%2F%2Fshibboleth.nkp.cz%2Fidp%2Fshibboleth&returnUrl=/kniha/manifest-menopauzy-11058/ |y Plný text - pro registrované uživatele NK ČR |4 N |
| 900 | |a ABA001 |b 20 | ||
| 044 | |a xr | ||
| 910 | |a RBIT002 | ||
| 998 | |d 362733 |a https://core.palmknihy.cz/api/books/362733/cover?rkm57o |b https://core.palmknihy.cz/api/books/362733/cover/400?rkm57o |c https://core.palmknihy.cz/api/books/362733/cover/50?rkm57o |e |g 408 |i 9788075551719 |j https://core.palmknihy.cz/api/books/362733/preview.epub |l |q 49 |r 1 |s https://www.palmknihy.cz/kniha/362733 |t ebook |y 2022 |z 0 | ||
| 999 | |d 311726 | ||